| 000 | 01246nam0a22003251 4500 | ||
|---|---|---|---|
| 001 | 2581820 | ||
| 005 | 20250622230845.0 | ||
| 021 |
_aRU _b79-33856ж |
||
| 035 | _a(NLR Aleph) 006464576 | ||
| 090 |
_a5871367 _c5871367 |
||
| 100 | _a20110316d1978 |||y0rusy50 ca | ||
| 101 | 0 | _arus | |
| 102 | _aRU | ||
| 105 | _aa z ||||| | ||
| 200 | 1 |
_aПроблемы морфологии и физиологии сельскохозяйственных животных _fОтв. ред. проф. Л.Г. Замарин |
|
| 210 |
_aКазань _cБ. и. _d1978 |
||
| 215 |
_a126 с. _cил. _d22 |
||
| 225 | 1 |
_aУченые записки Казанского ордена Ленина государственного ветеринарного института им. Н.Э. Баумана _vТ. 130 |
|
| 300 | _aНа обл. только загл. сер. | ||
| 320 | _aБиблиогр. в конце статей | ||
| 686 |
_aП526.0я43 _2rubbk |
||
| 686 |
_aП527.3я43 _2rubbk |
||
| 702 | 1 |
_aЗамарин _bЛ.Г. _gЛев Григорьевич _4340 |
|
| 801 | 0 |
_aRU _bNLR _gpsbo |
|
| 801 | 1 |
_aRU _bELAR _2rusmarc |
|
| 852 |
_aNLR _jDesideratum |
||
| 899 |
_aRuMoRGB _jXXIV 26/1 |
||
| 899 |
_aRuMoRGB _jXXIV 26/2 |
||
| 942 | _cBOOK | ||
| 980 | _aNB | ||